00571nam a2200157Ia 4500003000900000008004100009020002600050020002700076040001600103100003000119245007400149260003200223300002000255490003400275856010400309IN-BaIIA211028s9999 xx s 000 0 eng d a9781510610071 (Print) a9781510610088 (Online) cIIA Library aBernstein, Alexander, ed. 0a2016 International Conference on Robotics and Machine Visionh[eBook] aWashington, USAbSPIEc2017 aOnline resource aProceedings of SPIE; V. 10253 uhttps://www.spiedigitallibrary.org/conference-proceedings-of-spie/10253yClick Here to Access eBook